000 00424nam a2200181Ia 4500
005 20250603145538.0
008 250603s9999 xx 000 0 und d
020 _a9789350140024
050 _aTK 1010 .D38/
100 _aDatta N. K. (Dr)
245 0 _aPower system and protection
260 _aNew Delhi
260 _bS.K. Kataria & Sons
260 _c2012
300 _a767 p
650 _aNew Delhi
942 _cBK
999 _c42171
_d42171